Nazarín

Guardado en:
Detalles Bibliográficos
Autor principal: Pérez Galdós, Benito 1843-1920
Formato: Libro
Publicado: Buenos Aires : Losada, 1943.
Aporte de:Registro referencial: Solicitar el recurso aquí
LEADER 00767nam a2200217 a 4500
001 163521
003 AR-LpUBP
005 20250704200803.0
007 ta
008 101217s1943 ag g 000 0 spa d
040 |a AR-LpUBP  |b spa  |c AR-LpUBP 
100 1 |a Pérez Galdós, Benito  |d 1843-1920  |9 16410 
245 1 0 |a Nazarín 
260 |a Buenos Aires :   |b Losada,   |c 1943. 
300 |a 226 p. ;   |c 18 cm. 
942 |c BK 
952 |0 0  |1 0  |2 udc  |4 0  |6 LC06126  |7 0  |9 238482  |a DUN  |b DUN  |c FG  |d 2023-07-10  |i 004874/43  |l 0  |o Lc-06126  |p DUN004874x43  |r 2023-07-10 21:28:29  |w 2023-07-10  |y BK 
952 |0 0  |1 0  |2 udc  |4 0  |6 LC08925  |7 0  |9 238483  |a DUN  |b DUN  |c FG  |d 2023-07-10  |i 290206  |l 0  |o Lc-08925  |p DUN290206  |r 2023-07-10 21:28:29  |w 2023-07-10  |y BK 
999 |c 163521  |d 163521 
988 |c 34  |d Miguel Kiperszmid 
997 |z a